<?xml version="1.0" encoding="UTF-8"?>
<record
    xmlns:xsi="http://www.w3.org/2001/XMLSchema-instance"
    xsi:schemaLocation="http://www.loc.gov/MARC21/slim http://www.loc.gov/standards/marcxml/schema/MARC21slim.xsd"
    xmlns="http://www.loc.gov/MARC21/slim">

  <leader>00923nas a2200313 454500</leader>
  <controlfield tag="001">5022</controlfield>
  <controlfield tag="005">20260407193504.0</controlfield>
  <controlfield tag="008">260407s2010####ag###########|||spa#d</controlfield>
  <controlfield tag="003">AR-UNSa-BCEJYS</controlfield>
  <datafield tag="040" ind1=" " ind2=" ">
    <subfield code="a">AR-UNSa-BCEJYS</subfield>
    <subfield code="b">spa</subfield>
    <subfield code="c">AR-UNSa-BCEJYS</subfield>
  </datafield>
  <datafield tag="080" ind1=" " ind2=" ">
    <subfield code="a">34</subfield>
    <subfield code="x">Derecho</subfield>
  </datafield>
  <datafield tag="245" ind1="1" ind2="0">
    <subfield code="a">Compendio Jur&#xED;dico</subfield>
  </datafield>
  <datafield tag="264" ind1=" " ind2="1">
    <subfield code="a">Buenos Aires :</subfield>
    <subfield code="b">Errepar</subfield>
    <subfield code="c">2010</subfield>
  </datafield>
  <datafield tag="310" ind1=" " ind2=" ">
    <subfield code="a">Periodicidad: Mensual</subfield>
  </datafield>
  <datafield tag="041" ind1=" " ind2=" ">
    <subfield code="a">spa</subfield>
  </datafield>
  <datafield tag="942" ind1=" " ind2=" ">
    <subfield code="c">SER</subfield>
  </datafield>
  <datafield tag="590" ind1=" " ind2=" ">
    <subfield code="a">niveau_biblio:s niveau_hierar:1</subfield>
  </datafield>
  <datafield tag="100" ind1="1" ind2=" ">
    <subfield code="a">Perciavalle, Marcelo L.</subfield>
  </datafield>
  <datafield tag="700" ind1="1" ind2=" ">
    <subfield code="a">Alvarez Juli&#xE1;, Luis</subfield>
  </datafield>
  <datafield tag="700" ind1="1" ind2=" ">
    <subfield code="a">Duarte, David</subfield>
  </datafield>
  <datafield tag="700" ind1="1" ind2=" ">
    <subfield code="a">Romero Villanueva, Horacio J.</subfield>
  </datafield>
  <datafield tag="700" ind1="1" ind2=" ">
    <subfield code="a">Mischutin, Alejandro</subfield>
  </datafield>
  <datafield tag="650" ind1=" " ind2=" ">
    <subfield code="a">DERECHO ADMINISTRATIVO</subfield>
  </datafield>
  <datafield tag="650" ind1=" " ind2=" ">
    <subfield code="a">Derecho civil</subfield>
  </datafield>
  <datafield tag="650" ind1=" " ind2=" ">
    <subfield code="a">Derecho</subfield>
  </datafield>
  <datafield tag="650" ind1=" " ind2=" ">
    <subfield code="a">JURISPRUDENCIA</subfield>
  </datafield>
  <datafield tag="650" ind1=" " ind2=" ">
    <subfield code="a">DOCTRINA</subfield>
  </datafield>
  <datafield tag="856" ind1="4" ind2="1">
    <subfield code="u">https://biblioeco.unsa.edu.ar/pmb/images/revistas/Comprendio Juridico.jpg</subfield>
    <subfield code="y">Imagen de portada</subfield>
    <subfield code="q">image/jpeg</subfield>
  </datafield>
  <datafield tag="999" ind1=" " ind2=" ">
    <subfield code="c">8413</subfield>
    <subfield code="d">8413</subfield>
  </datafield>
  <datafield tag="952" ind1=" " ind2=" ">
    <subfield code="0">0</subfield>
    <subfield code="1">0</subfield>
    <subfield code="4">0</subfield>
    <subfield code="7">0</subfield>
    <subfield code="a">BCEJYS</subfield>
    <subfield code="b">BCEJYS</subfield>
    <subfield code="c">16</subfield>
    <subfield code="d">2014-12-01</subfield>
    <subfield code="h">N&#xBA; 91 - dic. 2014</subfield>
    <subfield code="l">0</subfield>
    <subfield code="o">H34 COM 91</subfield>
    <subfield code="p">R13419</subfield>
    <subfield code="r">2026-04-10 16:06:50</subfield>
    <subfield code="w">2026-04-10</subfield>
    <subfield code="y">RN</subfield>
  </datafield>
  <datafield tag="952" ind1=" " ind2=" ">
    <subfield code="0">0</subfield>
    <subfield code="1">0</subfield>
    <subfield code="4">0</subfield>
    <subfield code="7">0</subfield>
    <subfield code="a">BCEJYS</subfield>
    <subfield code="b">BCEJYS</subfield>
    <subfield code="c">16</subfield>
    <subfield code="d">2014-11-01</subfield>
    <subfield code="h">N&#xBA; 90 - nov. 2014</subfield>
    <subfield code="l">0</subfield>
    <subfield code="o">H34 COM 90</subfield>
    <subfield code="p">R13292</subfield>
    <subfield code="r">2026-04-10 16:06:50</subfield>
    <subfield code="w">2026-04-10</subfield>
    <subfield code="y">RN</subfield>
  </datafield>
  <datafield tag="952" ind1=" " ind2=" ">
    <subfield code="0">0</subfield>
    <subfield code="1">0</subfield>
    <subfield code="4">0</subfield>
    <subfield code="7">0</subfield>
    <subfield code="a">BCEJYS</subfield>
    <subfield code="b">BCEJYS</subfield>
    <subfield code="c">16</subfield>
    <subfield code="d">2014-10-01</subfield>
    <subfield code="h">N&#xBA; 89 - oct. 2014</subfield>
    <subfield code="l">0</subfield>
    <subfield code="o">H34 COM 89</subfield>
    <subfield code="p">R12580</subfield>
    <subfield code="r">2026-04-10 16:06:50</subfield>
    <subfield code="w">2026-04-10</subfield>
    <subfield code="y">RN</subfield>
  </datafield>
  <datafield tag="952" ind1=" " ind2=" ">
    <subfield code="0">0</subfield>
    <subfield code="1">0</subfield>
    <subfield code="4">0</subfield>
    <subfield code="7">0</subfield>
    <subfield code="a">BCEJYS</subfield>
    <subfield code="b">BCEJYS</subfield>
    <subfield code="c">17</subfield>
    <subfield code="d">2014-08-01</subfield>
    <subfield code="h">N&#xBA; 87 - ago. 2014</subfield>
    <subfield code="l">0</subfield>
    <subfield code="o">H34 COM 87</subfield>
    <subfield code="p">R12139</subfield>
    <subfield code="r">2026-04-10 16:06:50</subfield>
    <subfield code="w">2026-04-10</subfield>
    <subfield code="y">RN</subfield>
  </datafield>
  <datafield tag="952" ind1=" " ind2=" ">
    <subfield code="0">0</subfield>
    <subfield code="1">0</subfield>
    <subfield code="4">0</subfield>
    <subfield code="7">0</subfield>
    <subfield code="a">BCEJYS</subfield>
    <subfield code="b">BCEJYS</subfield>
    <subfield code="c">17</subfield>
    <subfield code="d">2014-07-01</subfield>
    <subfield code="h">N&#xBA; 86 - jul. 2014</subfield>
    <subfield code="l">0</subfield>
    <subfield code="o">H34 COM 86</subfield>
    <subfield code="p">R11697</subfield>
    <subfield code="r">2026-04-10 16:06:50</subfield>
    <subfield code="w">2026-04-10</subfield>
    <subfield code="y">RN</subfield>
  </datafield>
  <datafield tag="952" ind1=" " ind2=" ">
    <subfield code="0">0</subfield>
    <subfield code="1">0</subfield>
    <subfield code="4">0</subfield>
    <subfield code="7">0</subfield>
    <subfield code="a">BCEJYS</subfield>
    <subfield code="b">BCEJYS</subfield>
    <subfield code="c">17</subfield>
    <subfield code="d">2014-06-01</subfield>
    <subfield code="h">N&#xBA; 85 - jun. 2014</subfield>
    <subfield code="l">0</subfield>
    <subfield code="o">H34 COM 85</subfield>
    <subfield code="p">R11535</subfield>
    <subfield code="r">2026-04-10 16:06:50</subfield>
    <subfield code="w">2026-04-10</subfield>
    <subfield code="y">RN</subfield>
  </datafield>
  <datafield tag="952" ind1=" " ind2=" ">
    <subfield code="0">0</subfield>
    <subfield code="1">0</subfield>
    <subfield code="4">0</subfield>
    <subfield code="7">0</subfield>
    <subfield code="a">BCEJYS</subfield>
    <subfield code="b">BCEJYS</subfield>
    <subfield code="c">17</subfield>
    <subfield code="d">2014-05-01</subfield>
    <subfield code="h">N&#xBA; 84 - mayo 2014</subfield>
    <subfield code="l">0</subfield>
    <subfield code="o">H34 COM 84</subfield>
    <subfield code="p">R11072</subfield>
    <subfield code="r">2026-04-10 16:06:50</subfield>
    <subfield code="w">2026-04-10</subfield>
    <subfield code="y">RN</subfield>
  </datafield>
  <datafield tag="952" ind1=" " ind2=" ">
    <subfield code="0">0</subfield>
    <subfield code="1">0</subfield>
    <subfield code="4">0</subfield>
    <subfield code="7">0</subfield>
    <subfield code="a">BCEJYS</subfield>
    <subfield code="b">BCEJYS</subfield>
    <subfield code="c">17</subfield>
    <subfield code="d">2014-04-01</subfield>
    <subfield code="h">N&#xBA; 83 - abr. 2014</subfield>
    <subfield code="l">0</subfield>
    <subfield code="o">H34 COM 83</subfield>
    <subfield code="p">R10596</subfield>
    <subfield code="r">2026-04-10 16:06:50</subfield>
    <subfield code="w">2026-04-10</subfield>
    <subfield code="y">RN</subfield>
  </datafield>
  <datafield tag="952" ind1=" " ind2=" ">
    <subfield code="0">0</subfield>
    <subfield code="1">0</subfield>
    <subfield code="4">0</subfield>
    <subfield code="7">0</subfield>
    <subfield code="a">BCEJYS</subfield>
    <subfield code="b">BCEJYS</subfield>
    <subfield code="c">17</subfield>
    <subfield code="d">2014-03-01</subfield>
    <subfield code="h">N&#xBA; 82 - mar. 2014</subfield>
    <subfield code="l">0</subfield>
    <subfield code="o">H34 COM 82</subfield>
    <subfield code="p">R10570</subfield>
    <subfield code="r">2026-04-10 16:06:50</subfield>
    <subfield code="w">2026-04-10</subfield>
    <subfield code="y">RN</subfield>
  </datafield>
  <datafield tag="952" ind1=" " ind2=" ">
    <subfield code="0">0</subfield>
    <subfield code="1">0</subfield>
    <subfield code="4">0</subfield>
    <subfield code="7">0</subfield>
    <subfield code="a">BCEJYS</subfield>
    <subfield code="b">BCEJYS</subfield>
    <subfield code="c">17</subfield>
    <subfield code="d">2014-01-01</subfield>
    <subfield code="h">N&#xBA; 81 - ene./feb. 2014</subfield>
    <subfield code="l">0</subfield>
    <subfield code="o">H34 COM 81</subfield>
    <subfield code="p">R10319</subfield>
    <subfield code="r">2026-04-10 16:06:50</subfield>
    <subfield code="w">2026-04-10</subfield>
    <subfield code="y">RN</subfield>
  </datafield>
  <datafield tag="952" ind1=" " ind2=" ">
    <subfield code="0">0</subfield>
    <subfield code="1">0</subfield>
    <subfield code="4">0</subfield>
    <subfield code="7">0</subfield>
    <subfield code="a">BCEJYS</subfield>
    <subfield code="b">BCEJYS</subfield>
    <subfield code="c">17</subfield>
    <subfield code="d">2013-12-01</subfield>
    <subfield code="h">N&#xBA; 80 - dic. 2013</subfield>
    <subfield code="l">0</subfield>
    <subfield code="o">H34 COM 80</subfield>
    <subfield code="p">R10226</subfield>
    <subfield code="r">2026-04-10 16:06:50</subfield>
    <subfield code="w">2026-04-10</subfield>
    <subfield code="y">RN</subfield>
  </datafield>
  <datafield tag="952" ind1=" " ind2=" ">
    <subfield code="0">0</subfield>
    <subfield code="1">0</subfield>
    <subfield code="4">0</subfield>
    <subfield code="7">0</subfield>
    <subfield code="a">BCEJYS</subfield>
    <subfield code="b">BCEJYS</subfield>
    <subfield code="c">17</subfield>
    <subfield code="d">2013-11-01</subfield>
    <subfield code="h">N&#xBA; 79 - nov. 2013</subfield>
    <subfield code="l">0</subfield>
    <subfield code="o">H34 COM 79</subfield>
    <subfield code="p">R10196</subfield>
    <subfield code="r">2026-04-10 16:06:50</subfield>
    <subfield code="w">2026-04-10</subfield>
    <subfield code="y">RN</subfield>
  </datafield>
  <datafield tag="952" ind1=" " ind2=" ">
    <subfield code="0">0</subfield>
    <subfield code="1">0</subfield>
    <subfield code="4">0</subfield>
    <subfield code="7">0</subfield>
    <subfield code="a">BCEJYS</subfield>
    <subfield code="b">BCEJYS</subfield>
    <subfield code="c">17</subfield>
    <subfield code="d">2013-10-01</subfield>
    <subfield code="h">N&#xBA; 78 - oct. 2013</subfield>
    <subfield code="l">0</subfield>
    <subfield code="o">H34 COM 78</subfield>
    <subfield code="p">R09169</subfield>
    <subfield code="r">2026-04-10 16:06:50</subfield>
    <subfield code="w">2026-04-10</subfield>
    <subfield code="y">RN</subfield>
  </datafield>
  <datafield tag="952" ind1=" " ind2=" ">
    <subfield code="0">0</subfield>
    <subfield code="1">0</subfield>
    <subfield code="4">0</subfield>
    <subfield code="7">0</subfield>
    <subfield code="a">BCEJYS</subfield>
    <subfield code="b">BCEJYS</subfield>
    <subfield code="c">17</subfield>
    <subfield code="d">2013-09-01</subfield>
    <subfield code="h">N&#xBA; 77 - sep. 2013</subfield>
    <subfield code="l">0</subfield>
    <subfield code="o">H34 COM 77</subfield>
    <subfield code="p">R08888</subfield>
    <subfield code="r">2026-04-10 16:06:50</subfield>
    <subfield code="w">2026-04-10</subfield>
    <subfield code="y">RN</subfield>
  </datafield>
  <datafield tag="952" ind1=" " ind2=" ">
    <subfield code="0">0</subfield>
    <subfield code="1">0</subfield>
    <subfield code="4">0</subfield>
    <subfield code="7">0</subfield>
    <subfield code="a">BCEJYS</subfield>
    <subfield code="b">BCEJYS</subfield>
    <subfield code="c">17</subfield>
    <subfield code="d">2013-08-01</subfield>
    <subfield code="h">N&#xBA; 76 - ago. 2013</subfield>
    <subfield code="l">0</subfield>
    <subfield code="o">H34 COM 76</subfield>
    <subfield code="p">R08403</subfield>
    <subfield code="r">2026-04-10 16:06:50</subfield>
    <subfield code="w">2026-04-10</subfield>
    <subfield code="y">RN</subfield>
  </datafield>
  <datafield tag="952" ind1=" " ind2=" ">
    <subfield code="0">0</subfield>
    <subfield code="1">0</subfield>
    <subfield code="4">0</subfield>
    <subfield code="7">0</subfield>
    <subfield code="a">BCEJYS</subfield>
    <subfield code="b">BCEJYS</subfield>
    <subfield code="c">17</subfield>
    <subfield code="d">2013-07-01</subfield>
    <subfield code="h">N&#xBA; 75 - jul. 2013</subfield>
    <subfield code="l">0</subfield>
    <subfield code="o">H34 COM 75</subfield>
    <subfield code="p">R08235</subfield>
    <subfield code="r">2026-04-10 16:06:50</subfield>
    <subfield code="w">2026-04-10</subfield>
    <subfield code="y">RN</subfield>
  </datafield>
  <datafield tag="952" ind1=" " ind2=" ">
    <subfield code="0">0</subfield>
    <subfield code="1">0</subfield>
    <subfield code="4">0</subfield>
    <subfield code="7">0</subfield>
    <subfield code="a">BCEJYS</subfield>
    <subfield code="b">BCEJYS</subfield>
    <subfield code="c">17</subfield>
    <subfield code="d">2013-06-01</subfield>
    <subfield code="h">N&#xBA; 74 - jun. 2013</subfield>
    <subfield code="l">0</subfield>
    <subfield code="o">H34 COM 74</subfield>
    <subfield code="p">R08465</subfield>
    <subfield code="r">2026-04-10 16:06:50</subfield>
    <subfield code="w">2026-04-10</subfield>
    <subfield code="y">RN</subfield>
  </datafield>
  <datafield tag="952" ind1=" " ind2=" ">
    <subfield code="0">0</subfield>
    <subfield code="1">0</subfield>
    <subfield code="4">0</subfield>
    <subfield code="7">0</subfield>
    <subfield code="a">BCEJYS</subfield>
    <subfield code="b">BCEJYS</subfield>
    <subfield code="c">17</subfield>
    <subfield code="d">2013-05-01</subfield>
    <subfield code="h">N&#xBA; 73 - mayo 2013</subfield>
    <subfield code="l">0</subfield>
    <subfield code="o">H34 COM 73</subfield>
    <subfield code="p">R07944</subfield>
    <subfield code="r">2026-04-10 16:06:50</subfield>
    <subfield code="w">2026-04-10</subfield>
    <subfield code="y">RN</subfield>
  </datafield>
  <datafield tag="952" ind1=" " ind2=" ">
    <subfield code="0">0</subfield>
    <subfield code="1">0</subfield>
    <subfield code="4">0</subfield>
    <subfield code="7">0</subfield>
    <subfield code="a">BCEJYS</subfield>
    <subfield code="b">BCEJYS</subfield>
    <subfield code="c">17</subfield>
    <subfield code="d">2013-04-01</subfield>
    <subfield code="h">N&#xBA; 72 - abr. 2013</subfield>
    <subfield code="l">0</subfield>
    <subfield code="o">H34 COM 72</subfield>
    <subfield code="p">R07214</subfield>
    <subfield code="r">2026-04-10 16:06:50</subfield>
    <subfield code="w">2026-04-10</subfield>
    <subfield code="y">RN</subfield>
  </datafield>
  <datafield tag="952" ind1=" " ind2=" ">
    <subfield code="0">0</subfield>
    <subfield code="1">0</subfield>
    <subfield code="4">0</subfield>
    <subfield code="7">0</subfield>
    <subfield code="a">BCEJYS</subfield>
    <subfield code="b">BCEJYS</subfield>
    <subfield code="c">17</subfield>
    <subfield code="d">2013-03-01</subfield>
    <subfield code="h">N&#xBA; 71 - mar. 2013</subfield>
    <subfield code="l">0</subfield>
    <subfield code="o">H34 COM 71</subfield>
    <subfield code="p">R06468</subfield>
    <subfield code="r">2026-04-10 16:06:50</subfield>
    <subfield code="w">2026-04-10</subfield>
    <subfield code="y">RN</subfield>
  </datafield>
  <datafield tag="952" ind1=" " ind2=" ">
    <subfield code="0">0</subfield>
    <subfield code="1">0</subfield>
    <subfield code="4">0</subfield>
    <subfield code="7">0</subfield>
    <subfield code="a">BCEJYS</subfield>
    <subfield code="b">BCEJYS</subfield>
    <subfield code="c">17</subfield>
    <subfield code="d">2013-01-01</subfield>
    <subfield code="h">N&#xBA; 70 - ene./feb. 2013</subfield>
    <subfield code="l">0</subfield>
    <subfield code="o">H34 COM 70</subfield>
    <subfield code="p">R06184</subfield>
    <subfield code="r">2026-04-10 16:06:50</subfield>
    <subfield code="w">2026-04-10</subfield>
    <subfield code="y">RN</subfield>
  </datafield>
  <datafield tag="952" ind1=" " ind2=" ">
    <subfield code="0">0</subfield>
    <subfield code="1">0</subfield>
    <subfield code="4">0</subfield>
    <subfield code="7">0</subfield>
    <subfield code="a">BCEJYS</subfield>
    <subfield code="b">BCEJYS</subfield>
    <subfield code="c">17</subfield>
    <subfield code="d">2012-12-01</subfield>
    <subfield code="h">N&#xBA; 69 - dic. 2012</subfield>
    <subfield code="l">0</subfield>
    <subfield code="o">H34 COM 69</subfield>
    <subfield code="p">R05966</subfield>
    <subfield code="r">2026-04-10 16:06:50</subfield>
    <subfield code="w">2026-04-10</subfield>
    <subfield code="y">RN</subfield>
  </datafield>
  <datafield tag="952" ind1=" " ind2=" ">
    <subfield code="0">0</subfield>
    <subfield code="1">0</subfield>
    <subfield code="4">0</subfield>
    <subfield code="7">0</subfield>
    <subfield code="a">BCEJYS</subfield>
    <subfield code="b">BCEJYS</subfield>
    <subfield code="c">17</subfield>
    <subfield code="d">2012-11-01</subfield>
    <subfield code="h">N&#xBA; 68 - nov. 2012</subfield>
    <subfield code="l">0</subfield>
    <subfield code="o">H34 COM 68</subfield>
    <subfield code="p">R05945</subfield>
    <subfield code="r">2026-04-10 16:06:50</subfield>
    <subfield code="w">2026-04-10</subfield>
    <subfield code="y">RN</subfield>
  </datafield>
  <datafield tag="952" ind1=" " ind2=" ">
    <subfield code="0">0</subfield>
    <subfield code="1">0</subfield>
    <subfield code="4">0</subfield>
    <subfield code="7">0</subfield>
    <subfield code="a">BCEJYS</subfield>
    <subfield code="b">BCEJYS</subfield>
    <subfield code="c">17</subfield>
    <subfield code="d">2012-10-01</subfield>
    <subfield code="h">N&#xBA; 67 - oct. 2012</subfield>
    <subfield code="l">0</subfield>
    <subfield code="o">H34 COM 67</subfield>
    <subfield code="p">R05728</subfield>
    <subfield code="r">2026-04-10 16:06:50</subfield>
    <subfield code="w">2026-04-10</subfield>
    <subfield code="y">RN</subfield>
  </datafield>
  <datafield tag="952" ind1=" " ind2=" ">
    <subfield code="0">0</subfield>
    <subfield code="1">0</subfield>
    <subfield code="4">0</subfield>
    <subfield code="7">0</subfield>
    <subfield code="a">BCEJYS</subfield>
    <subfield code="b">BCEJYS</subfield>
    <subfield code="c">17</subfield>
    <subfield code="d">2012-09-01</subfield>
    <subfield code="h">N&#xBA; 66 - sep. 2012</subfield>
    <subfield code="l">0</subfield>
    <subfield code="o">H34 COM 66</subfield>
    <subfield code="p">R05003</subfield>
    <subfield code="r">2026-04-10 16:06:51</subfield>
    <subfield code="w">2026-04-10</subfield>
    <subfield code="y">RN</subfield>
  </datafield>
  <datafield tag="952" ind1=" " ind2=" ">
    <subfield code="0">0</subfield>
    <subfield code="1">0</subfield>
    <subfield code="4">0</subfield>
    <subfield code="7">0</subfield>
    <subfield code="a">BCEJYS</subfield>
    <subfield code="b">BCEJYS</subfield>
    <subfield code="c">17</subfield>
    <subfield code="d">2012-08-01</subfield>
    <subfield code="h">N&#xBA; 65 - ago. 2012</subfield>
    <subfield code="l">0</subfield>
    <subfield code="o">H34 COM 65</subfield>
    <subfield code="p">R19682</subfield>
    <subfield code="r">2026-04-10 16:06:51</subfield>
    <subfield code="w">2026-04-10</subfield>
    <subfield code="y">RN</subfield>
  </datafield>
  <datafield tag="952" ind1=" " ind2=" ">
    <subfield code="0">0</subfield>
    <subfield code="1">0</subfield>
    <subfield code="4">0</subfield>
    <subfield code="7">0</subfield>
    <subfield code="a">BCEJYS</subfield>
    <subfield code="b">BCEJYS</subfield>
    <subfield code="c">17</subfield>
    <subfield code="d">2012-07-01</subfield>
    <subfield code="h">N&#xBA; 64 - jul. 2012</subfield>
    <subfield code="l">0</subfield>
    <subfield code="o">H34 COM 64</subfield>
    <subfield code="p">R04379</subfield>
    <subfield code="r">2026-04-10 16:06:51</subfield>
    <subfield code="w">2026-04-10</subfield>
    <subfield code="y">RN</subfield>
  </datafield>
  <datafield tag="952" ind1=" " ind2=" ">
    <subfield code="0">0</subfield>
    <subfield code="1">0</subfield>
    <subfield code="4">0</subfield>
    <subfield code="7">0</subfield>
    <subfield code="a">BCEJYS</subfield>
    <subfield code="b">BCEJYS</subfield>
    <subfield code="c">17</subfield>
    <subfield code="d">2012-07-01</subfield>
    <subfield code="h">N&#xBA; 63 - jun. 2012</subfield>
    <subfield code="l">0</subfield>
    <subfield code="o">H34 COM 63</subfield>
    <subfield code="p">R04157</subfield>
    <subfield code="r">2026-04-10 16:06:51</subfield>
    <subfield code="w">2026-04-10</subfield>
    <subfield code="y">RN</subfield>
  </datafield>
  <datafield tag="952" ind1=" " ind2=" ">
    <subfield code="0">0</subfield>
    <subfield code="1">0</subfield>
    <subfield code="4">0</subfield>
    <subfield code="7">0</subfield>
    <subfield code="a">BCEJYS</subfield>
    <subfield code="b">BCEJYS</subfield>
    <subfield code="c">17</subfield>
    <subfield code="d">2012-05-01</subfield>
    <subfield code="h">N&#xBA; 62 - may. 2012</subfield>
    <subfield code="l">0</subfield>
    <subfield code="o">H34 COM 62</subfield>
    <subfield code="p">R04156</subfield>
    <subfield code="r">2026-04-10 16:06:51</subfield>
    <subfield code="w">2026-04-10</subfield>
    <subfield code="y">RN</subfield>
  </datafield>
  <datafield tag="952" ind1=" " ind2=" ">
    <subfield code="0">0</subfield>
    <subfield code="1">0</subfield>
    <subfield code="4">0</subfield>
    <subfield code="7">0</subfield>
    <subfield code="a">BCEJYS</subfield>
    <subfield code="b">BCEJYS</subfield>
    <subfield code="c">17</subfield>
    <subfield code="d">2012-04-01</subfield>
    <subfield code="h">N&#xBA; 61 - abr. 2012</subfield>
    <subfield code="l">0</subfield>
    <subfield code="o">H34 COM 61</subfield>
    <subfield code="p">R04155</subfield>
    <subfield code="r">2026-04-10 16:06:51</subfield>
    <subfield code="w">2026-04-10</subfield>
    <subfield code="y">RN</subfield>
  </datafield>
  <datafield tag="952" ind1=" " ind2=" ">
    <subfield code="0">0</subfield>
    <subfield code="1">0</subfield>
    <subfield code="4">0</subfield>
    <subfield code="7">0</subfield>
    <subfield code="a">BCEJYS</subfield>
    <subfield code="b">BCEJYS</subfield>
    <subfield code="c">17</subfield>
    <subfield code="d">2012-03-01</subfield>
    <subfield code="h">N&#xBA; 60 - mar. 2012</subfield>
    <subfield code="l">0</subfield>
    <subfield code="o">H34 COM 60</subfield>
    <subfield code="p">R04154</subfield>
    <subfield code="r">2026-04-10 16:06:51</subfield>
    <subfield code="w">2026-04-10</subfield>
    <subfield code="y">RN</subfield>
  </datafield>
  <datafield tag="952" ind1=" " ind2=" ">
    <subfield code="0">0</subfield>
    <subfield code="1">0</subfield>
    <subfield code="4">0</subfield>
    <subfield code="7">0</subfield>
    <subfield code="a">BCEJYS</subfield>
    <subfield code="b">BCEJYS</subfield>
    <subfield code="c">17</subfield>
    <subfield code="d">2012-01-01</subfield>
    <subfield code="h">N&#xBA; 59 - ene./feb. 2012</subfield>
    <subfield code="l">0</subfield>
    <subfield code="o">H34 COM 59</subfield>
    <subfield code="p">R04153</subfield>
    <subfield code="r">2026-04-10 16:06:51</subfield>
    <subfield code="w">2026-04-10</subfield>
    <subfield code="y">RN</subfield>
  </datafield>
  <datafield tag="952" ind1=" " ind2=" ">
    <subfield code="0">0</subfield>
    <subfield code="1">0</subfield>
    <subfield code="4">0</subfield>
    <subfield code="7">0</subfield>
    <subfield code="a">BCEJYS</subfield>
    <subfield code="b">BCEJYS</subfield>
    <subfield code="c">17</subfield>
    <subfield code="d">2011-12-01</subfield>
    <subfield code="h">N&#xBA; 58 - dic. 2011</subfield>
    <subfield code="l">0</subfield>
    <subfield code="o">H34 COM 58</subfield>
    <subfield code="p">R04152</subfield>
    <subfield code="r">2026-04-10 16:06:51</subfield>
    <subfield code="w">2026-04-10</subfield>
    <subfield code="y">RN</subfield>
  </datafield>
  <datafield tag="952" ind1=" " ind2=" ">
    <subfield code="0">0</subfield>
    <subfield code="1">0</subfield>
    <subfield code="4">0</subfield>
    <subfield code="7">0</subfield>
    <subfield code="a">BCEJYS</subfield>
    <subfield code="b">BCEJYS</subfield>
    <subfield code="c">17</subfield>
    <subfield code="d">2011-11-01</subfield>
    <subfield code="h">N&#xBA; 57 - nov. 2011</subfield>
    <subfield code="l">0</subfield>
    <subfield code="o">H34 COM 57</subfield>
    <subfield code="p">R04151</subfield>
    <subfield code="r">2026-04-10 16:06:51</subfield>
    <subfield code="w">2026-04-10</subfield>
    <subfield code="y">RN</subfield>
  </datafield>
  <datafield tag="952" ind1=" " ind2=" ">
    <subfield code="0">0</subfield>
    <subfield code="1">0</subfield>
    <subfield code="4">0</subfield>
    <subfield code="7">0</subfield>
    <subfield code="a">BCEJYS</subfield>
    <subfield code="b">BCEJYS</subfield>
    <subfield code="c">16</subfield>
    <subfield code="d">2011-10-01</subfield>
    <subfield code="h">N&#xBA; 56 - oct. 2011</subfield>
    <subfield code="l">0</subfield>
    <subfield code="o">H34 COM 56</subfield>
    <subfield code="p">R04150</subfield>
    <subfield code="r">2026-04-10 16:06:51</subfield>
    <subfield code="w">2026-04-10</subfield>
    <subfield code="y">RN</subfield>
  </datafield>
  <datafield tag="952" ind1=" " ind2=" ">
    <subfield code="0">0</subfield>
    <subfield code="1">0</subfield>
    <subfield code="4">0</subfield>
    <subfield code="7">0</subfield>
    <subfield code="a">BCEJYS</subfield>
    <subfield code="b">BCEJYS</subfield>
    <subfield code="c">16</subfield>
    <subfield code="d">2011-09-01</subfield>
    <subfield code="h">N&#xBA; 55 - sep. 2011</subfield>
    <subfield code="l">0</subfield>
    <subfield code="o">H34 COM 55</subfield>
    <subfield code="p">R04149</subfield>
    <subfield code="r">2026-04-10 16:06:51</subfield>
    <subfield code="w">2026-04-10</subfield>
    <subfield code="y">RN</subfield>
  </datafield>
  <datafield tag="952" ind1=" " ind2=" ">
    <subfield code="0">0</subfield>
    <subfield code="1">0</subfield>
    <subfield code="4">0</subfield>
    <subfield code="7">0</subfield>
    <subfield code="a">BCEJYS</subfield>
    <subfield code="b">BCEJYS</subfield>
    <subfield code="c">16</subfield>
    <subfield code="d">2011-08-01</subfield>
    <subfield code="h">N&#xBA; 54 - ago. 2011</subfield>
    <subfield code="l">0</subfield>
    <subfield code="o">H34 COM 54</subfield>
    <subfield code="p">R04148</subfield>
    <subfield code="r">2026-04-10 16:06:51</subfield>
    <subfield code="w">2026-04-10</subfield>
    <subfield code="y">RN</subfield>
  </datafield>
  <datafield tag="952" ind1=" " ind2=" ">
    <subfield code="0">0</subfield>
    <subfield code="1">0</subfield>
    <subfield code="4">0</subfield>
    <subfield code="7">0</subfield>
    <subfield code="a">BCEJYS</subfield>
    <subfield code="b">BCEJYS</subfield>
    <subfield code="c">16</subfield>
    <subfield code="d">2011-07-01</subfield>
    <subfield code="h">N&#xBA; 53 - jul. 2011</subfield>
    <subfield code="l">0</subfield>
    <subfield code="o">H34 COM 53</subfield>
    <subfield code="p">R04147</subfield>
    <subfield code="r">2026-04-10 16:06:51</subfield>
    <subfield code="w">2026-04-10</subfield>
    <subfield code="y">RN</subfield>
  </datafield>
  <datafield tag="952" ind1=" " ind2=" ">
    <subfield code="0">0</subfield>
    <subfield code="1">0</subfield>
    <subfield code="4">0</subfield>
    <subfield code="7">0</subfield>
    <subfield code="a">BCEJYS</subfield>
    <subfield code="b">BCEJYS</subfield>
    <subfield code="c">16</subfield>
    <subfield code="d">2011-06-01</subfield>
    <subfield code="h">N&#xBA; 52 - jun. 2011</subfield>
    <subfield code="l">0</subfield>
    <subfield code="o">H34 COM 52</subfield>
    <subfield code="p">R04146</subfield>
    <subfield code="r">2026-04-10 16:06:51</subfield>
    <subfield code="w">2026-04-10</subfield>
    <subfield code="y">RN</subfield>
  </datafield>
  <datafield tag="952" ind1=" " ind2=" ">
    <subfield code="0">0</subfield>
    <subfield code="1">0</subfield>
    <subfield code="4">0</subfield>
    <subfield code="7">0</subfield>
    <subfield code="a">BCEJYS</subfield>
    <subfield code="b">BCEJYS</subfield>
    <subfield code="c">16</subfield>
    <subfield code="d">2011-05-01</subfield>
    <subfield code="h">N&#xBA; 51 - may.2011</subfield>
    <subfield code="l">0</subfield>
    <subfield code="o">H34 COM 51</subfield>
    <subfield code="p">R04145</subfield>
    <subfield code="r">2026-04-10 16:06:51</subfield>
    <subfield code="w">2026-04-10</subfield>
    <subfield code="y">RN</subfield>
  </datafield>
  <datafield tag="952" ind1=" " ind2=" ">
    <subfield code="0">0</subfield>
    <subfield code="1">0</subfield>
    <subfield code="4">0</subfield>
    <subfield code="7">0</subfield>
    <subfield code="a">BCEJYS</subfield>
    <subfield code="b">BCEJYS</subfield>
    <subfield code="c">16</subfield>
    <subfield code="d">2011-04-01</subfield>
    <subfield code="h">N&#xBA; 50 - abr. 2011</subfield>
    <subfield code="l">0</subfield>
    <subfield code="o">H34 COM 50</subfield>
    <subfield code="p">R04144</subfield>
    <subfield code="r">2026-04-10 16:06:51</subfield>
    <subfield code="w">2026-04-10</subfield>
    <subfield code="y">RN</subfield>
  </datafield>
  <datafield tag="952" ind1=" " ind2=" ">
    <subfield code="0">0</subfield>
    <subfield code="1">0</subfield>
    <subfield code="4">0</subfield>
    <subfield code="7">0</subfield>
    <subfield code="a">BCEJYS</subfield>
    <subfield code="b">BCEJYS</subfield>
    <subfield code="c">16</subfield>
    <subfield code="d">2011-03-01</subfield>
    <subfield code="h">N&#xBA; 49 - mar. 2011</subfield>
    <subfield code="l">0</subfield>
    <subfield code="o">H34 COM 49</subfield>
    <subfield code="p">R04143</subfield>
    <subfield code="r">2026-04-10 16:06:51</subfield>
    <subfield code="w">2026-04-10</subfield>
    <subfield code="y">RN</subfield>
  </datafield>
  <datafield tag="952" ind1=" " ind2=" ">
    <subfield code="0">0</subfield>
    <subfield code="1">0</subfield>
    <subfield code="4">0</subfield>
    <subfield code="7">0</subfield>
    <subfield code="a">BCEJYS</subfield>
    <subfield code="b">BCEJYS</subfield>
    <subfield code="c">17</subfield>
    <subfield code="d">2011-01-01</subfield>
    <subfield code="h">N&#xBA; 48 - ene./feb. 2011</subfield>
    <subfield code="l">0</subfield>
    <subfield code="o">H34 COM 48</subfield>
    <subfield code="p">R04142</subfield>
    <subfield code="r">2026-04-10 16:06:51</subfield>
    <subfield code="w">2026-04-10</subfield>
    <subfield code="y">RN</subfield>
  </datafield>
  <datafield tag="952" ind1=" " ind2=" ">
    <subfield code="0">0</subfield>
    <subfield code="1">0</subfield>
    <subfield code="4">0</subfield>
    <subfield code="7">0</subfield>
    <subfield code="a">BCEJYS</subfield>
    <subfield code="b">BCEJYS</subfield>
    <subfield code="c">16</subfield>
    <subfield code="d">2010-12-01</subfield>
    <subfield code="h">N&#xBA; 47 - dic. 2010</subfield>
    <subfield code="l">0</subfield>
    <subfield code="o">H34 COM 47</subfield>
    <subfield code="p">R04141</subfield>
    <subfield code="r">2026-04-10 16:06:51</subfield>
    <subfield code="w">2026-04-10</subfield>
    <subfield code="y">RN</subfield>
  </datafield>
  <datafield tag="952" ind1=" " ind2=" ">
    <subfield code="0">0</subfield>
    <subfield code="1">0</subfield>
    <subfield code="4">0</subfield>
    <subfield code="7">0</subfield>
    <subfield code="a">BCEJYS</subfield>
    <subfield code="b">BCEJYS</subfield>
    <subfield code="c">16</subfield>
    <subfield code="d">2010-07-01</subfield>
    <subfield code="h">N&#xBA; 42 - jul. 2010</subfield>
    <subfield code="l">0</subfield>
    <subfield code="o">H34 COM 42</subfield>
    <subfield code="p">R04140</subfield>
    <subfield code="r">2026-04-10 16:06:51</subfield>
    <subfield code="w">2026-04-10</subfield>
    <subfield code="y">RN</subfield>
  </datafield>
  <datafield tag="952" ind1=" " ind2=" ">
    <subfield code="0">0</subfield>
    <subfield code="1">0</subfield>
    <subfield code="4">0</subfield>
    <subfield code="7">0</subfield>
    <subfield code="a">BCEJYS</subfield>
    <subfield code="b">BCEJYS</subfield>
    <subfield code="c">16</subfield>
    <subfield code="d">2010-06-01</subfield>
    <subfield code="h">N&#xBA; 41 - jun. 2010</subfield>
    <subfield code="l">0</subfield>
    <subfield code="o">H34 COM 41</subfield>
    <subfield code="p">R04139</subfield>
    <subfield code="r">2026-04-10 16:06:51</subfield>
    <subfield code="w">2026-04-10</subfield>
    <subfield code="y">RN</subfield>
  </datafield>
  <datafield tag="952" ind1=" " ind2=" ">
    <subfield code="0">0</subfield>
    <subfield code="1">0</subfield>
    <subfield code="4">0</subfield>
    <subfield code="7">0</subfield>
    <subfield code="a">BCEJYS</subfield>
    <subfield code="b">BCEJYS</subfield>
    <subfield code="c">16</subfield>
    <subfield code="d">2010-05-01</subfield>
    <subfield code="h">N&#xBA; 40 - may. 2010</subfield>
    <subfield code="l">0</subfield>
    <subfield code="o">H34 COM 40</subfield>
    <subfield code="p">R04138</subfield>
    <subfield code="r">2026-04-10 16:06:51</subfield>
    <subfield code="w">2026-04-10</subfield>
    <subfield code="y">RN</subfield>
  </datafield>
  <datafield tag="952" ind1=" " ind2=" ">
    <subfield code="0">0</subfield>
    <subfield code="1">0</subfield>
    <subfield code="4">0</subfield>
    <subfield code="7">0</subfield>
    <subfield code="a">BCEJYS</subfield>
    <subfield code="b">BCEJYS</subfield>
    <subfield code="c">16</subfield>
    <subfield code="d">2010-04-01</subfield>
    <subfield code="h">N&#xBA; 39 - abr. 2010</subfield>
    <subfield code="l">0</subfield>
    <subfield code="o">H34 COM 39</subfield>
    <subfield code="p">R04137</subfield>
    <subfield code="r">2026-04-10 16:06:51</subfield>
    <subfield code="w">2026-04-10</subfield>
    <subfield code="y">RN</subfield>
  </datafield>
  <datafield tag="952" ind1=" " ind2=" ">
    <subfield code="0">0</subfield>
    <subfield code="1">0</subfield>
    <subfield code="4">0</subfield>
    <subfield code="7">0</subfield>
    <subfield code="a">BCEJYS</subfield>
    <subfield code="b">BCEJYS</subfield>
    <subfield code="c">16</subfield>
    <subfield code="d">2010-03-01</subfield>
    <subfield code="h">N&#xBA; 38 - mar. 2010</subfield>
    <subfield code="l">0</subfield>
    <subfield code="o">H34 COM 38</subfield>
    <subfield code="p">R04136</subfield>
    <subfield code="r">2026-04-10 16:06:51</subfield>
    <subfield code="w">2026-04-10</subfield>
    <subfield code="y">RN</subfield>
  </datafield>
  <datafield tag="952" ind1=" " ind2=" ">
    <subfield code="0">0</subfield>
    <subfield code="1">0</subfield>
    <subfield code="4">0</subfield>
    <subfield code="7">0</subfield>
    <subfield code="a">BCEJYS</subfield>
    <subfield code="b">BCEJYS</subfield>
    <subfield code="c">16</subfield>
    <subfield code="d">2010-01-01</subfield>
    <subfield code="h">N&#xBA; 37 - ene./feb. 2010</subfield>
    <subfield code="l">0</subfield>
    <subfield code="o">H34 COM 37</subfield>
    <subfield code="p">R04135</subfield>
    <subfield code="r">2026-04-10 16:06:51</subfield>
    <subfield code="w">2026-04-10</subfield>
    <subfield code="y">RN</subfield>
  </datafield>
</record>
